[Event "Moscow Open Women 2015"]
[Site "Moscow RUS"]
[Date "2015.01.31"]
[Round "1.1"]
[White "Abramova, Yulia"]
[Black "Goryachkina, Aleksandra"]
[Result "0-1"]
[BlackTitle "WGM"]
[WhiteElo "1997"]
[BlackElo "2451"]
[WhiteFideId "24104655"]
[BlackFideId "4147103"]
[EventDate "2015.01.31"]

1. e4 c6 2. d4 d5 3. e5 Bf5 4. Nd2 e6 5. Nb3 Nd7 6. Nf3 Nb8 7. Ng1 Nd7 8. Nf3 a6
9. Be3 Rc8 10. Be2 c5 11. dxc5 Bxc5 12. Nxc5 Nxc5 13. Nd4 Bg6 14. O-O Ne7 15. g4
h5 16. gxh5 Bf5 17. f4 Ne4 18. Bg4 g6 19. hxg6 Bxg6 20. f5 exf5 21. Bf3 Nc6 22.
Bxe4 fxe4 23. e6 Qh4 24. Rf2 Qh3 25. exf7+ Bxf7 26. Nf5 Rg8+ 27. Kh1 Be6 28.
Nd6+ Kd7 29. Nxe4 Qxe3 30. Nf6+ Kc7 31. Rf3 Rg1+ 0-1

[Event "Moscow Open Women 2015"]
[Site "Moscow RUS"]
[Date "2015.01.31"]
[Round "1.2"]
[White "Lei, Tingjie"]
[Black "Maslova, Polina"]
[Result "1-0"]
[WhiteTitle "WGM"]
[WhiteElo "2429"]
[BlackElo "1996"]
[WhiteFideId "8605114"]
[BlackFideId "24178772"]
[EventDate "2015.01.31"]

1. c4 e5 2. g3 Nf6 3. Bg2 d5 4. cxd5 Nxd5 5. Nc3 Nb6 6. Nf3 Nc6 7. O-O Be7 8. a3
O-O 9. b4 Be6 10. Rb1 f6 11. d3 a5 12. b5 Nd4 13. Nd2 Nd5 14. Bxd5 Bxd5 15. e3
Ne6 16. e4 1-0

[Event "Moscow Open Women 2015"]
[Site "Moscow RUS"]
[Date "2015.01.31"]
[Round "1.3"]
[White "Shalukhina, Tatyana"]
[Black "Szczepkowska-Horowska, Karina"]
[Result "0-1"]
[BlackTitle "WGM"]
[WhiteElo "1993"]
[BlackElo "2415"]
[WhiteFideId "13704273"]
[BlackFideId "1122681"]
[EventDate "2015.01.31"]

1. e4 e5 2. Bc4 Nc6 3. Nf3 Nf6 4. d3 Be7 5. O-O O-O 6. c3 d5 7. exd5 Nxd5 8. Re1
Bg4 9. Nbd2 Kh8 10. Qa4 Nb6 11. Qc2 Nxc4 12. Nxc4 Bxf3 13. gxf3 Bd6 14. Bd2 Qf6
15. Nxd6 Qxd6 16. Re3 Ne7 17. Rae1 Nf5 18. Re4 Rad8 19. Rxe5 Nh4 20. R5e3 Qg6+
21. Kf1 Ng2 22. Re4 Nxe1 23. Bxe1 Qh5 24. Kg2 Rd6 25. Qa4 f5 26. Rf4 Rg6+ 27.
Kf1 Re6 28. Bd2 Qh3+ 0-1

[Event "Moscow Open Women 2015"]
[Site "Moscow RUS"]
[Date "2015.01.31"]
[Round "1.4"]
[White "Kovanova, Baira"]
[Black "Aseeva, Anastasia"]
[Result "1-0"]
[WhiteTitle "WGM"]
[WhiteElo "2405"]
[BlackElo "1992"]
[WhiteFideId "4164083"]
[BlackFideId "4184971"]
[EventDate "2015.01.31"]

1. Nf3 Nf6 2. g3 d5 3. Bg2 Bf5 4. d3 c6 5. O-O h6 6. Nbd2 Nbd7 7. Re1 e5 8. e4
dxe4 9. Nxe4 Nxe4 10. dxe4 Be6 11. Bd2 Qc7 12. Nh4 Rd8 13. Qe2 Be7 14. Nf5 Bf6
15. Rad1 O-O 16. Qf3 Rfe8 17. h4 Bxf5 18. Qxf5 Re6 19. Bh3 Rd6 20. Be3 Nf8 21.
Rxd6 Qxd6 22. c3 b6 23. a4 Nd7 24. Qg4 Nc5 25. Bxh6 Nxa4 26. Bc1 Nc5 27. Bf1 Nd3
28. Bxd3 Qxd3 29. Kg2 a5 30. h5 a4 31. h6 g6 32. Bg5 Qd6 33. Be3 c5 34. Qf3 Qc6
35. Ra1 Rd6 36. g4 Qd7 37. c4 Bd8 38. g5 Rd3 39. Qg3 Qc6 40. Qxe5 f6 41. Qf4 f5
42. Qe5 Qb7 43. h7+ Qxh7 44. Rh1 Qg7 45. Qe8+ Qf8 46. Rh8+ 1-0

[Event "Moscow Open Women 2015"]
[Site "Moscow RUS"]
[Date "2015.01.31"]
[Round "1.5"]
[White "Drogovoz, Maria"]
[Black "Bodnaruk, Anastasia"]
[Result "0-1"]
[WhiteTitle "WFM"]
[BlackTitle "IM"]
[WhiteElo "1991"]
[BlackElo "2402"]
[WhiteFideId "4176731"]
[BlackFideId "4181751"]
[EventDate "2015.01.31"]

1. e4 c5 2. Nf3 d6 3. d4 cxd4 4. Nxd4 Nf6 5. Nc3 a6 6. g3 e5 7. Nb3 Be7 8. Bg2
b5 9. a4 b4 10. Nd5 Nxd5 11. Qxd5 Ra7 12. Be3 Be6 13. Qd3 Rd7 14. O-O O-O 15.
Rfc1 d5 16. Nc5 d4 17. Nxe6 fxe6 18. Bd2 a5 19. Bh3 Rd6 20. Qc4 Qd7 21. Rf1 Rc8
22. Qb3 Na6 23. f4 Nc5 24. Qf3 Rf8 25. f5 Qc6 26. Rae1 Nxa4 27. Qh5 exf5 28.
Rxf5 Bf6 29. Rf2 g6 30. Qg4 Nxb2 31. Bh6 Rf7 32. Bg5 Nc4 33. Bxf6 Rdxf6 34. Rxf6
Rxf6 35. Qg5 Qd6 36. Ra1 Kg7 37. Bf1 d3 0-1

[Event "Moscow Open Women 2015"]
[Site "Moscow RUS"]
[Date "2015.02.01"]
[Round "2.1"]
[White "Goryachkina, Aleksandra"]
[Black "Hojjatova, Aydan"]
[Result "1-0"]
[WhiteTitle "WGM"]
[BlackTitle "WCM"]
[WhiteElo "2451"]
[BlackElo "2170"]
[WhiteFideId "4147103"]
[BlackFideId "13401491"]
[EventDate "2015.01.31"]

1. d4 d6 2. Nf3 Nf6 3. c4 g6 4. Nc3 Bg7 5. e4 O-O 6. Be2 e5 7. Be3 exd4 8. Nxd4
Re8 9. f3 Nc6 10. O-O Nh5 11. Qd2 Nf4 12. Bxf4 Nxd4 13. Bg5 Nxe2+ 14. Nxe2 Bf6
15. Bxf6 Qxf6 16. b3 b6 17. Rae1 Bb7 18. Nc3 Re7 19. Rc1 Qe5 20. Kh1 Rae8 21. b4
f5 22. exf5 Qxf5 23. Rce1 a6 24. Kg1 Rxe1 25. Rxe1 Rxe1+ 26. Qxe1 Kf7 27. Qe3 d5
28. c5 Qf6 29. Ne2 bxc5 30. bxc5 a5 31. Nd4 Ba6 32. g4 h6 33. Kg2 a4 34. a3 g5
35. Kg3 Bc8 36. f4 Kg7 37. Nf3 gxf4+ 38. Qxf4 Qxf4+ 39. Kxf4 Kf6 40. Nd4 Bd7 41.
h4 Be6 42. g5+ hxg5+ 43. hxg5+ Ke7 44. Nxe6 Kxe6 45. c6 Kd6 46. Kf5 d4 47. Ke4 1-0

[Event "Moscow Open Women 2015"]
[Site "Moscow RUS"]
[Date "2015.02.01"]
[Round "2.2"]
[White "Sukhareva, Evgeniya"]
[Black "Lei, Tingjie"]
[Result "0-1"]
[BlackTitle "WGM"]
[WhiteElo "2171"]
[BlackElo "2429"]
[WhiteFideId "4167155"]
[BlackFideId "8605114"]
[EventDate "2015.01.31"]

1. d4 Nf6 2. c4 g6 3. Nf3 Bg7 4. g3 c6 5. Bg2 d5 6. Qb3 O-O 7. O-O Qb6 8. Nc3
Rd8 9. e3 Be6 10. c5 Qc7 11. Qc2 Nbd7 12. Nh4 b6 13. cxb6 Nxb6 14. b3 c5 15. Nb5
Qd7 16. a4 c4 17. b4 Ne4 18. Bb2 a5 19. bxa5 Rxa5 20. Bxe4 dxe4 21. Nc3 Bh3 22.
Rfb1 Rh5 23. Nxe4 g5 24. Qe2 Bg4 25. f3 Bh3 26. Ng2 Bxg2 27. Kxg2 Qh3+ 28. Kg1
Nd5 29. g4 Rh6 30. Bc1 e5 31. Qg2 Qh4 32. Ng3 exd4 33. e4 Nc3 34. Rb4 d3 35. Bd2
Ne2+ 36. Nxe2 dxe2 37. Be1 Bxa1 38. Qxe2 Rd1 39. Rb8+ Kg7 40. Qxd1 Qxh2+ 41. Kf1
Qh1+ 42. Ke2 Rh2+ 0-1

[Event "Moscow Open Women 2015"]
[Site "Moscow RUS"]
[Date "2015.02.01"]
[Round "2.3"]
[White "Szczepkowska-Horowska, Karina"]
[Black "Rjanova, Valery"]
[Result "1-0"]
[WhiteTitle "WGM"]
[BlackTitle "WFM"]
[WhiteElo "2415"]
[BlackElo "2160"]
[WhiteFideId "1122681"]
[BlackFideId "24129119"]
[EventDate "2015.01.31"]

1. d4 d5 2. c4 e6 3. Nf3 c6 4. e3 f5 5. Bd3 Nf6 6. O-O Bd6 7. b3 Qe7 8. Bb2 O-O
9. Qc1 b6 10. Ba3 c5 11. dxc5 bxc5 12. cxd5 Nxd5 13. Nbd2 Nb4 14. Be2 Ba6 15.
Nc4 N8c6 16. Bb2 Bc7 17. a3 Nd5 18. Qc2 Rab8 19. Rac1 Bb5 20. Rfd1 Rfd8 21. Bf1
Nf6 22. Ncd2 Bxf1 23. Rxf1 Rd5 24. b4 Bb6 25. b5 Na5 26. Bc3 Rbd8 27. h3 Kh8 28.
a4 Bc7 29. Rfe1 Rd3 30. Bd4 cxd4 31. Qxd3 e5 32. Qxf5 1-0

[Event "Moscow Open Women 2015"]
[Site "Moscow RUS"]
[Date "2015.02.01"]
[Round "2.4"]
[White "Smirnova, Ekaterina"]
[Black "Kovanova, Baira"]
[Result "1/2-1/2"]
[WhiteTitle "WFM"]
[BlackTitle "WGM"]
[WhiteElo "2161"]
[BlackElo "2405"]
[WhiteFideId "4110943"]
[BlackFideId "4164083"]
[EventDate "2015.01.31"]

1. d4 Nf6 2. c4 e6 3. Nc3 Bb4 4. e3 O-O 5. Ne2 d5 6. a3 Be7 7. cxd5 exd5 8. Nf4
Re8 9. Bd3 c6 10. O-O Bf8 11. Bc2 Na6 12. f3 g6 13. Kh1 Bg7 14. b4 Nc7 15. e4
dxe4 16. fxe4 Ng4 17. e5 Qh4 18. Nh3 Bh6 19. Ne4 Nd5 20. Qf3 Be6 21. Neg5 Rf8
22. Bd2 Rae8 23. Rae1 Rd8 24. Qe4 Nc3 25. Bxc3 Bxg5 26. Qf3 f6 27. exf6 Rxf6 28.
Qg3 Qxg3 29. hxg3 Rxf1+ 30. Rxf1 Be3 31. Re1 Bc4 32. Bd1 Nf2+ 33. Nxf2 Bxf2 34.
Re7 Bxd4 35. Bxd4 Rxd4 36. Bf3 Ba6 37. Re8+ Kf7 38. Ra8 Rd7 39. Rxa7 Ke7 40.
Bxc6 bxc6 41. Rxa6 Rd1+ 42. Kh2 Rd3 43. Rxc6 Rxa3 44. Rc7+ Kf6 45. Rxh7 Rb3 46.
Rh4 Kg5 47. Rc4 Kh5 48. g4+ Kg5 49. g3 Rb2+ 50. Kh3 Kh6 51. Rd4 g5 52. Rd6+ Kg7
53. Rb6 Kh7 54. Rb7+ Kh6 55. b5 Kg6 56. Rb8 Kg7 57. b6 Kh7 58. Rb7+ Kg6 59. Rb8
Kh7 60. Re8 Rxb6 61. Kg2 Kg6 62. Kf3 Ra6 63. Rd8 Re6 64. Rd4 Kf6 65. Ra4 Re5 66.
Ra6+ Kg7 67. Rb6 1/2-1/2

[Event "Moscow Open Women 2015"]
[Site "Moscow RUS"]
[Date "2015.02.01"]
[Round "2.5"]
[White "Bodnaruk, Anastasia"]
[Black "Shuvalova, Polina"]
[Result "1/2-1/2"]
[WhiteTitle "IM"]
[BlackTitle "WFM"]
[WhiteElo "2402"]
[BlackElo "2149"]
[WhiteFideId "4181751"]
[BlackFideId "24171760"]
[EventDate "2015.01.31"]

1. e4 c5 2. Nf3 g6 3. d4 cxd4 4. Nxd4 Bg7 5. c4 Nc6 6. Be3 Nf6 7. Nc3 d6 8. Be2
O-O 9. O-O Bd7 10. Nc2 a5 11. f3 Be6 12. f4 a4 13. f5 Bc8 14. Na3 Nd7 15. Qd2
Nc5 16. Bh6 Ne5 17. Nab5 Bxh6 18. Qxh6 f6 19. Qe3 Bd7 20. Rab1 Bc6 21. Kh1 g5
22. Nd4 Be8 23. b4 axb3 24. axb3 Bf7 25. b4 Na4 26. Nd5 Nb6 27. Rfc1 Nxd5 28.
exd5 Qd7 29. Ne6 Rfc8 30. Rc3 Qa4 31. h4 Bxe6 32. fxe6 h6 33. Qe4 Kg7 34. Bd1
Qa2 35. Bc2 Rh8 36. c5 Rac8 37. Rbb3 Qa1+ 38. Bb1 f5 39. Qc2 Qa6 40. b5 Qa4 41.
g3 Qd4 42. cxd6 Qxd5+ 43. Kg1 Qd4+ 44. Kg2 Qd5+ 45. Kg1 Qd4+ 46. Kg2 Qd5+ 47.
Kg1 Qd4+ 1/2-1/2

[Event "Moscow Open Women 2015"]
[Site "Moscow RUS"]
[Date "2015.02.02"]
[Round "3.1"]
[White "Matveeva, Olga"]
[Black "Goryachkina, Aleksandra"]
[Result "0-1"]
[WhiteTitle "WIM"]
[BlackTitle "WGM"]
[WhiteElo "2220"]
[BlackElo "2451"]
[WhiteFideId "24107018"]
[BlackFideId "4147103"]
[EventDate "2015.01.31"]

1. d4 d5 2. c4 c6 3. Nf3 e6 4. cxd5 exd5 5. Nc3 Bd6 6. Bg5 Ne7 7. e3 Qb6 8. Qd2
h6 9. Bxe7 Bxe7 10. Bd3 Be6 11. O-O Nd7 12. a3 a5 13. Na4 Qd8 14. Rfc1 O-O 15.
Nc5 Nxc5 16. dxc5 a4 17. Nd4 Bd7 18. Rc2 g6 19. f4 Re8 20. Re1 b6 21. cxb6 Qxb6
22. f5 Bg5 23. fxg6 Rxe3 24. gxf7+ Kf8 25. Rxe3 Qxd4 26. Kf2 Qf4+ 27. Ke2 Bg4+
28. Ke1 Qxe3+ 29. Qxe3 Bxe3 30. Rxc6 Kxf7 31. h3 Be6 32. Bb5 Rb8 33. Bxa4 Rxb2
34. Bc2 d4 35. a4 Bd5 36. Rc7+ Ke6 37. g4 Kd6 38. Rc8 Be6 0-1

[Event "Moscow Open Women 2015"]
[Site "Moscow RUS"]
[Date "2015.02.02"]
[Round "3.2"]
[White "Lei, Tingjie"]
[Black "Li, Xueyi"]
[Result "1-0"]
[WhiteTitle "WGM"]
[WhiteElo "2429"]
[BlackElo "2218"]
[WhiteFideId "8605114"]
[BlackFideId "8605912"]
[EventDate "2015.01.31"]

1. c4 c6 2. Nf3 d5 3. d4 e6 4. Nc3 Nf6 5. g3 dxc4 6. Bg2 Nbd7 7. O-O Bb4 8. e3
O-O 9. Nd2 Nb6 10. Na4 Nxa4 11. Qxa4 Bxd2 12. Bxd2 b5 13. Qc2 Qc7 14. b3 Ba6 15.
Rfc1 Rac8 16. Qb2 c5 17. bxc4 Bb7 18. d5 exd5 19. Qxb5 Ne4 20. Ba5 Qe7 21. cxd5
Bxd5 22. Qd3 Ba8 23. Rab1 Rfe8 24. Rc2 h5 25. Qe2 Ng5 26. Bxa8 Rxa8 27. h4 Ne4
28. Qxh5 Rac8 29. Qd5 Qf6 30. Kg2 Qg6 31. Rbc1 Re6 32. Rc4 Rce8 33. Bc7 Qf6 34.
Bf4 Rd8 35. Qb7 Qf5 36. R1c2 Rde8 37. Qd7 Nf6 38. Qd1 Nd5 39. Rxc5 Nxf4+ 40.
exf4 Qe4+ 41. Qf3 Qd4 42. Rc8 Qd7 43. Rxe8+ Rxe8 44. Qc6 Qe7 45. Rc5 Qe1 46. Qd5
Re2 47. Rc8+ Re8 48. Rc7 Re7 49. Qd8+ Re8 50. Qd7 Qe4+ 51. Kh2 Rf8 52. Qe7 Qf3
53. Qe3 Qd5 54. Rxa7 Rc8 55. Re7 Qxa2 56. Re8+ Rxe8 57. Qxe8+ Kh7 58. Qe4+ Kg8
59. Kg2 Qb3 60. h5 Qb5 61. g4 Qb3 62. g5 Qd1 63. Qf3 Qd6 64. f5 Qe5 65. g6 fxg6
66. fxg6 Qg5+ 67. Kh3 Qd8 68. Qf4 Qd7+ 69. Kg3 Qd8 70. Kh2 Kh8 71. h6 Qe8 72.
hxg7+ Kxg7 73. Qf7+ Qxf7 74. gxf7 Kxf7 75. Kg3 1-0

[Event "Moscow Open Women 2015"]
[Site "Moscow RUS"]
[Date "2015.02.02"]
[Round "3.3"]
[White "Schepetkova, Margarita"]
[Black "Szczepkowska-Horowska, Karina"]
[Result "1/2-1/2"]
[WhiteTitle "WIM"]
[BlackTitle "WGM"]
[WhiteElo "2216"]
[BlackElo "2415"]
[WhiteFideId "4189949"]
[BlackFideId "1122681"]
[EventDate "2015.01.31"]

1. d4 Nf6 2. c4 g6 3. Nc3 Bg7 4. e4 d6 5. Be2 O-O 6. Bg5 Na6 7. f4 c6 8. Qd2 d5
9. Bxf6 exf6 10. exd5 cxd5 11. Nxd5 Re8 12. Kf2 Be6 13. Bf3 Rc8 14. Ne3 Bxc4 15.
Bxb7 Nc5 16. Nxc4 Nxb7 17. b3 g5 18. Ne2 g4 19. Ng3 Qd7 20. Rhe1 Red8 21. Rad1
f5 22. Kf1 Qb5 23. Qd3 Rxd4 24. Qe3 Rxd1 25. Rxd1 Na5 26. Qe7 Nxc4 27. Rd8+ Rxd8
28. Qxd8+ Bf8 29. Qg5+ Kh8 30. Qf6+ Kg8 31. Qg5+ Kh8 32. Qf6+ Kg8 33. Qg5+ 1/2-1/2

[Event "Moscow Open Women 2015"]
[Site "Moscow RUS"]
[Date "2015.02.02"]
[Round "3.4"]
[White "Guseva, Marina"]
[Black "Petrukhina, Irina"]
[Result "1-0"]
[WhiteTitle "IM"]
[BlackTitle "WFM"]
[WhiteElo "2375"]
[BlackElo "2209"]
[WhiteFideId "4149351"]
[BlackFideId "4132432"]
[EventDate "2015.01.31"]

1. d4 Nf6 2. c4 g6 3. Nc3 d5 4. Bf4 Bg7 5. e3 c5 6. dxc5 Qa5 7. Rc1 dxc4 8. Bxc4
O-O 9. Ne2 Nc6 10. O-O Qxc5 11. Nb5 Qh5 12. Nc7 Rb8 13. h3 e5 14. Bh2 Bd7 15.
Nc3 Qxd1 16. Rfxd1 a6 17. Rd6 Rfd8 18. Rcd1 Rbc8 19. N7d5 Ne8 20. Ne7+ Nxe7 21.
Rxd7 Rxd7 22. Rxd7 Rc7 23. Rd8 Rc8 24. Rxc8 Nxc8 25. Bd5 Ncd6 26. Ne4 Nxe4 27.
Bxe4 Nd6 28. Bd5 Kf8 29. Kf1 Ke7 30. Ke2 b6 31. e4 f5 32. exf5 gxf5 33. f3 Nb5
34. Kd3 Nd4 35. Bg1 h6 36. Bb7 a5 37. g4 fxg4 38. fxg4 Kd6 39. Ke4 Kc5 40. Be3
Kd6 41. h4 b5 42. Bd2 b4 43. Bd5 Kc5 44. h5 a4 45. g5 hxg5 46. Bxg5 Nb5 47. Be3+
Kd6 48. Bc4 Nd4 49. h6 Bf6 50. Bd2 Kc5 51. Bf7 Bh8 52. Bg5 Kd6 53. Be8 b3 54. a3
Ne6 55. Be3 Nc5+ 56. Bxc5+ Kxc5 57. Bxa4 Kc4 58. Be8 Kc5 59. Bf7 Kb5 60. Bxb3
Kc5 61. Bf7 Kb5 62. b4 Bf6 63. h7 Bg7 64. Kd5 Bh8 65. Be8+ Ka6 66. a4 Kb6 67.
a5+ Ka6 68. Bg6 1-0

[Event "Moscow Open Women 2015"]
[Site "Moscow RUS"]
[Date "2015.02.02"]
[Round "3.5"]
[White "Derakhshani, Dorsa"]
[Black "Nakhbayeva, Guliskhan"]
[Result "0-1"]
[WhiteTitle "WFM"]
[BlackTitle "WGM"]
[WhiteElo "2209"]
[BlackElo "2345"]
[WhiteFideId "12500330"]
[BlackFideId "13704788"]
[EventDate "2015.01.31"]

1. e4 e6 2. d4 d5 3. Nc3 Nf6 4. e5 Nfd7 5. f4 c5 6. Nf3 Nc6 7. Be3 Be7 8. Qd2
O-O 9. dxc5 Bxc5 10. O-O-O Qa5 11. Bxc5 Nxc5 12. Qe3 Bd7 13. f5 exf5 14. Rxd5 b6
15. Bb5 a6 16. Ba4 Nb4 17. Rxc5 Nxa2+ 18. Nxa2 Qxa4 19. Rc3 Qxa2 20. Ra3 Qc4 21.
Qxb6 Rfc8 22. Qf2 Bc6 23. Rc3 Qa4 24. Ra3 Qf4+ 25. Qe3 Qxe3+ 26. Rxe3 Be4 27. c3
a5 28. Rg1 Rc5 29. e6 fxe6 30. Ng5 Bd5 31. Nxe6 Re8 32. Rge1 Rcc8 33. Re5 Bxg2
34. Rxf5 Re7 35. Rg1 Bh3 36. Nxg7 Rxg7 37. Rxg7+ Kxg7 38. Rxa5 Rf8 39. b4 Rf1+
40. Kb2 Rf2+ 41. Kb3 Be6+ 42. Ka4 Rxh2 43. Rc5 h5 44. b5 h4 45. b6 Rb2 46. Rh5
h3 47. c4 Rxb6 48. c5 Bd7+ 49. Ka5 Rh6 0-1

[Event "Moscow Open Women 2015"]
[Site "Moscow RUS"]
[Date "2015.02.03"]
[Round "4.1"]
[White "Goryachkina, Aleksandra"]
[Black "Khlichkova, Tatiana"]
[Result "1-0"]
[WhiteTitle "WGM"]
[BlackTitle "WFM"]
[WhiteElo "2451"]
[BlackElo "2257"]
[WhiteFideId "4147103"]
[BlackFideId "24145084"]
[EventDate "2015.01.31"]

1. Nf3 d5 2. d4 Nf6 3. c4 c6 4. Qb3 dxc4 5. Qxc4 Bg4 6. Nbd2 Nbd7 7. g3 Qc7 8.
h3 Bh5 9. Bg2 e6 10. O-O Bd6 11. Qb3 Bxf3 12. Bxf3 Nb6 13. Bg2 O-O 14. e4 e5 15.
f4 exd4 16. e5 Bxe5 17. fxe5 Qxe5 18. Nc4 Nxc4 19. Qxc4 Nh5 20. Bf4 Nxf4 21.
Rxf4 Rad8 22. Rd1 d3 23. Rxd3 Rxd3 24. Qxd3 Qxb2 25. Qd7 g6 26. a4 a6 27. Kh2 f5
28. Rd4 f4 29. Qe6+ Kh8 30. Qe5+ Kg8 31. gxf4 Qf2 32. a5 Qh4 33. Qe3 Qf6 34. Bf1
h6 35. Bc4+ Kh8 36. Qe5 g5 37. Rd8 Kh7 38. Qxf6 Rxf6 39. f5 h5 40. Be6 g4 41.
hxg4 1-0

[Event "Moscow Open Women 2015"]
[Site "Moscow RUS"]
[Date "2015.02.03"]
[Round "4.2"]
[White "Nakhbayeva, Guliskhan"]
[Black "Lei, Tingjie"]
[Result "1/2-1/2"]
[WhiteTitle "WGM"]
[BlackTitle "WGM"]
[WhiteElo "2345"]
[BlackElo "2429"]
[WhiteFideId "13704788"]
[BlackFideId "8605114"]
[EventDate "2015.01.31"]

1. Nf3 g6 2. c4 Bg7 3. d4 Nf6 4. g3 c6 5. Bg2 d5 6. cxd5 cxd5 7. Nc3 Ne4 8. Qa4+
Nc6 9. Ne5 Nxc3 10. bxc3 O-O 11. Nxc6 bxc6 12. Qxc6 Qa5 13. Bd2 Be6 14. a4 Bh6
15. e3 Rfc8 16. Qb5 Qc7 17. Qb3 Rab8 18. Qa2 Bf5 19. O-O Bd3 20. Rfe1 Bc4 21.
Qc2 Bb3 22. Qc1 e6 23. Bf1 Bc4 24. Bxc4 Qxc4 25. Qc2 Rb3 26. Reb1 Rcb8 27. Rxb3
Rxb3 28. a5 a6 29. Kg2 Bg7 30. Rb1 Rxb1 31. Qxb1 Qe2 32. Qb8+ Bf8 33. Bc1 Kg7
34. Qe5+ Kg8 35. Qb8 Kg7 36. Qb3 Qd3 37. h4 h5 38. Ba3 Bxa3 39. Qxa3 Qe4+ 40.
Kg1 Qb1+ 41. Kg2 Qe4+ 42. Kg1 1/2-1/2

[Event "Moscow Open Women 2015"]
[Site "Moscow RUS"]
[Date "2015.02.03"]
[Round "4.3"]
[White "Mirzoeva, Elmira"]
[Black "Guseva, Marina"]
[Result "1/2-1/2"]
[WhiteTitle "WGM"]
[BlackTitle "IM"]
[WhiteElo "2220"]
[BlackElo "2375"]
[WhiteFideId "4127951"]
[BlackFideId "4149351"]
[EventDate "2015.01.31"]

1. d4 f5 2. c4 Nf6 3. g3 e6 4. Bg2 d6 5. Nc3 Be7 6. Nf3 O-O 7. O-O Qe8 8. Re1 d5
9. Ne5 c6 10. b3 Nbd7 11. Nd3 Ne4 12. Bb2 Ndf6 13. f3 Nxc3 14. Bxc3 b6 15. cxd5
cxd5 16. Bb4 Bxb4 17. Nxb4 Qe7 18. Qd2 Bd7 19. Rac1 Rfc8 20. Nd3 a5 21. Rxc8+
Rxc8 22. Rc1 Qd6 23. Rxc8+ Bxc8 24. Qc3 Ba6 25. Ne5 Nd7 26. Nxd7 Qxd7 27. Kf2 h6
28. f4 Kf7 29. Bf3 Qc8 30. Qxc8 Bxc8 31. e3 b5 32. a3 b4 33. axb4 axb4 34. Be2
Bd7 35. Ke1 g5 36. Kf2 g4 37. Ke1 Kf6 38. Kf2 Kf7 39. Ke1 Kf6 40. Kf2 Kf7 41.
Ke1 1/2-1/2

[Event "Moscow Open Women 2015"]
[Site "Moscow RUS"]
[Date "2015.02.03"]
[Round "4.4"]
[White "Szczepkowska-Horowska, Karina"]
[Black "Bayarmaa, Bayarjargal"]
[Result "1/2-1/2"]
[WhiteTitle "WGM"]
[BlackTitle "WFM"]
[WhiteElo "2415"]
[BlackElo "2134"]
[WhiteFideId "1122681"]
[BlackFideId "4900260"]
[EventDate "2015.01.31"]

1. d4 d5 2. c4 c6 3. Nf3 Nf6 4. e3 e6 5. Nbd2 Nbd7 6. Bd3 Bd6 7. O-O O-O 8. e4
dxe4 9. Nxe4 Nxe4 10. Bxe4 f5 11. Bc2 h6 12. Re1 Nf6 13. a3 a5 14. h3 b6 15. Ne5
Qc7 16. Qe2 Re8 17. Bf4 Ba6 18. Rad1 Rad8 19. Qf3 Bxc4 20. Bxh6 Bxe5 21. dxe5
Rxd1 22. Bxd1 Ne4 23. Bf4 Rd8 24. Bc2 Bd5 25. Qe3 Nc5 26. b4 axb4 27. axb4 Na6
28. Qa3 Ra8 29. g4 c5 30. bxc5 bxc5 31. Bb1 Nb4 32. Qg3 c4 33. Rc1 Ra1 34. Qc3
Ra4 35. gxf5 Na2 36. Bxa2 Rxa2 37. fxe6 Qe7 38. Qg3 Ra3 39. Be3 Qxe6 40. Kh2 Ra8
41. Rg1 Qf7 42. Bh6 Ra2 43. Qxg7+ Qxg7 44. Rxg7+ Kh8 45. Rd7 Rxf2+ 46. Kg3 Rf3+
47. Kh4 Rxh3+ 48. Kg5 Rg3+ 49. Kf5 Rd3 50. Rc7 Rf3+ 51. Bf4 Kg8 52. Rc5 Bf7 53.
Rc6 c3 54. e6 Be8 55. Rc8 Kf8 56. Ke4 Rf1 57. Bd6+ Kg7 58. Be5+ Kf8 59. Bxc3 Rb1
60. Bd4 Ke7 61. Bc5+ Kxe6 62. Rxe8+ Kd7 63. Rh8 Kc6 64. Be3 Rd1 65. Rh6+ Kb5 66.
Bd4 Kc4 67. Rc6+ Kb5 68. Rc8 Rh1 69. Kd5 Rh5+ 70. Be5 Rg5 71. Rb8+ Ka5 72. Kd4
Ka6 73. Bd6 Rb5 74. Rh8 Kb7 75. Bc5 Kc6 76. Rh6+ Kc7 77. Kd5 Rb7 78. Rg6 Kd7 79.
Bb6 Ke8 80. Kc6 Kf7 81. Rg1 Re7 82. Rf1+ Ke6 83. Bd4 Rf7 84. Re1+ Kf5 85. Kd6
Rb7 86. Bc5 Rb3 87. Kd5 Rd3+ 88. Bd4 Rf3 89. Re8 Kg4 90. Be5 Kf5 91. Rf8+ Kg4
92. Rg8+ Kf5 93. Bd4 Rf4 94. Be3 Rf3 95. Kd4 Rh3 96. Rf8+ Ke6 97. Ke4 Rh7 98.
Ra8 Rh1 99. Ra6+ Kd7 100. Bd4 Rh5 101. Be5 Rh1 102. Kd5 Rb1 103. Ra7+ Kc8 104.
Rc7+ Kd8 105. Ke6 Re1 106. Rc2 Re3 107. Rh2 Kc8 108. Kd6 Re1 109. Ke6 Kb7 110.
Rb2+ Kc6 111. Rc2+ Kb5 112. Kd5 Rb1 113. Rc8 1/2-1/2

[Event "Moscow Open Women 2015"]
[Site "Moscow RUS"]
[Date "2015.02.03"]
[Round "4.5"]
[White "Schepetkova, Margarita"]
[Black "Bivol, Alina"]
[Result "1-0"]
[WhiteTitle "WIM"]
[BlackTitle "WIM"]
[WhiteElo "2216"]
[BlackElo "2355"]
[WhiteFideId "4189949"]
[BlackFideId "4100123"]
[EventDate "2015.01.31"]

1. d4 f5 2. Nc3 Nf6 3. Bg5 d5 4. Bxf6 exf6 5. e3 Be6 6. Bd3 Nc6 7. Qf3 Qd7 8.
Nge2 Nb4 9. Nf4 Bf7 10. O-O Nxd3 11. Nxd3 b6 12. a4 Be7 13. Nf4 c6 14. a5 O-O
15. Na4 Rab8 16. Qe2 Bd6 17. Rfb1 Qc7 18. g3 g5 19. Nd3 h5 20. Nc3 b5 21. Qf3
Bg6 22. Nc5 Qf7 23. Re1 Kg7 24. h4 Rbe8 25. b4 Kh8 26. Kf1 Qc7 27. Re2 Rg8 28.
Ke1 gxh4 29. gxh4 Bxc5 30. bxc5 Qh2 31. Kd2 Qxh4 32. Rg1 Bh7 33. Ree1 Rg4 34.
Ne2 Qg5 35. Rh1 Bg6 36. Rh3 Kg7 37. Nf4 Bf7 38. Reh1 h4 39. R1h2 Rh8 40. c3 Kf8
41. Qe2 Rg1 42. Rh1 Ke7 43. f3 Rxh1 44. Rxh1 Qg3 45. Rh3 Qg1 46. Qh2 Qxh2+ 47.
Rxh2 Kd7 48. Ng2 Kc7 49. Rxh4 Rxh4 50. Nxh4 f4 51. exf4 Kb7 52. Kc2 Ka6 53. Kb3
Kxa5 54. Nf5 Ka6 55. Kb4 Be6 56. Ng7 Bh3 57. f5 Kb7 58. Ne8 Kc8 59. Ka5 Kb8 60.
Nxf6 Bxf5 61. Ne8 Bd3 62. f4 Kc8 63. Nd6+ Kd7 64. f5 Be2 65. f6 a6 66. Kb6 Ke6
67. f7 Ke7 68. Nb7 Kxf7 69. Na5 Bg4 70. Nxc6 Bc8 71. Nb4 1-0

[Event "Moscow Open Women 2015"]
[Site "Moscow RUS"]
[Date "2015.02.04"]
[Round "5.1"]
[White "Lei, Tingjie"]
[Black "Goryachkina, Aleksandra"]
[Result "1/2-1/2"]
[WhiteTitle "WGM"]
[BlackTitle "WGM"]
[WhiteElo "2429"]
[BlackElo "2451"]
[WhiteFideId "8605114"]
[BlackFideId "4147103"]
[EventDate "2015.01.31"]

1. d4 d5 2. c4 c6 3. cxd5 cxd5 4. Bf4 Nf6 5. Nc3 Nc6 6. e3 Bg4 7. Qb3 Na5 8.
Qa4+ Bd7 9. Qd1 e6 10. Nf3 Rc8 11. Bd3 Bb4 12. O-O O-O 13. Ne5 a6 14. Bg5 Be7
15. Qf3 Ne8 16. Bxe7 Qxe7 17. Nxd5 exd5 18. Nxd7 Qxd7 19. Bf5 Qd8 20. Bxc8 Qxc8
21. Qxd5 Nc6 22. Rfd1 Nf6 23. Qc5 Re8 24. Rac1 Qd7 25. d5 Ne5 26. Qd4 Qd6 27.
Qf4 h6 28. h3 g5 29. Qf5 Ned7 30. Qc2 Qe5 31. Qd2 h5 32. Rc4 g4 33. Qd4 Qg5 34.
Qf4 Qg6 35. Kh2 Re5 36. h4 Nxd5 37. Rc8+ Kh7 38. Qg3 Qe6 39. e4 N5f6 40. Qd3 Kg7
41. f3 Rb5 42. Qc3 Ne5 43. Rcd8 gxf3 44. gxf3 Qxa2 45. Rg1+ Neg4+ 46. Kg3 Rxb2
47. Kf4 Rc2 48. Qe5 Rc6 49. Qg5+ Kh7 50. Qf5+ Kg7 51. Qg5+ 1/2-1/2